| 000 | 00810nam a22001817a 4500 | ||
|---|---|---|---|
| 999 |
_c194405 _d194405 |
||
| 005 | 20230503165849.0 | ||
| 010 | _aB-746957-961 E.N.A./7.11.22 | ||
| 020 |
_a9789355321039 _c1695.00 |
||
| 035 | _aB-746957-961 | ||
| 037 | _bPragati Prakashan | ||
| 082 | _a000 | ||
| 245 |
_aGeneral Studies Paper- 1: _bfor civil services preliminary examination also useful for SPSC/ _cCoordi. Surender Singh and Virinder Parmar |
||
| 260 |
_aChennai _bMc Graw Hill _c2022 |
||
| 270 |
_aAnjana Complex No: 5/90 A, Butt Road, St. Thomas Mount _bChennai _e600016 |
||
| 300 |
_aVarious p. _c27cm(pbk) |
||
| 942 |
_2ddc _cEN _mGEN _h000 |
||